[Event "International Chess Tournament Paracin 2"]
[Site "Paracin, Serbia"]
[Date "2021.07.10"]
[Round "2.1"]
[White "Vatsal, Singhania"]
[Black "Ter-Sahakyan, Samvel"]
[Result "1-0"]
[WhiteElo "2371"]
[BlackElo "2643"]
[PlyCount "69"]
[EventDate "2021.??.??"]

1. e4 e5 2. Nf3 Nc6 3. Bc4 Bc5 4. O-O Nf6 5. d3 d6 6. c3 a6 7. Bb3 Ba7 8. Nbd2
h6 9. Re1 g5 10. Nf1 g4 11. N3d2 h5 12. Nc4 b5 13. Nce3 h4 14. Nd5 g3 15. hxg3
hxg3 16. Nxg3 Bg4 17. Bg5 Bxd1 18. Nxf6+ Kf8 19. Raxd1 Qc8 20. Bd5 Kg7 21. Bxc6
Kg6 22. Nd5 Kxg5 23. d4 Rh4 24. Nf5 Rg4 25. f3 Rf4 26. Nxf4 exf4 27. Kf2 Rb8
28. Rh1 Rb6 29. g3 fxg3+ 30. Ke3 Qf8 31. Bd7 d5 32. f4+ Kg6 33. e5 Re6 34. Rdg1
Kxf5 35. Rxg3 1-0

[Event "International Chess Tournament Paracin 2"]
[Site "Paracin, Serbia"]
[Date "2021.07.10"]
[Round "2.2"]
[White "Petrosyan, Manuel"]
[Black "Pranav, V."]
[Result "1-0"]
[WhiteElo "2632"]
[BlackElo "2366"]
[PlyCount "109"]
[EventDate "2021.??.??"]

1. d4 Nf6 2. c4 e6 3. g3 Bb4+ 4. Bd2 Bxd2+ 5. Qxd2 O-O 6. Bg2 d6 7. Nf3 Nc6 8.
Nc3 e5 9. Rd1 Bg4 10. dxe5 Bxf3 11. exf3 dxe5 12. Qe3 Nd4 13. O-O Re8 14. f4 c5
15. fxe5 Ng4 16. Qe4 Nxe5 17. Qxb7 Rc8 18. Nb5 Nxc4 19. Nxd4 cxd4 20. b3 Re7
21. Rxd4 Qe8 22. Qa6 Ne5 23. Rfd1 h5 24. h3 Ng6 25. Qa5 h4 26. Rd8 Re1+ 27.
Rxe1 Qxd8 28. Qxa7 hxg3 29. fxg3 Rc2 30. Rf1 Ne5 31. Rf2 Rc1+ 32. Kh2 Rc8 33.
Qb7 Rc3 34. Qa8 Rc8 35. Qe4 Qd6 36. Qd5 Qe7 37. a4 Rd8 38. Qe4 f6 39. Rc2 Qa7
40. Qe2 Qb6 41. Rd2 Rc8 42. Qh5 Rd8 43. Rxd8+ Qxd8 44. Qe2 Qb6 45. Qd2 Kh7 46.
b4 Qa6 47. Qc2+ g6 48. a5 Qb5 49. Qa2 Qa6 50. b5 Qxb5 51. a6 Nd7 52. a7 Nb6 53.
Qf7+ Kh6 54. Qxf6 Qg5 55. Qh8# 1-0

[Event "International Chess Tournament Paracin 2"]
[Site "Paracin, Serbia"]
[Date "2021.07.10"]
[Round "2.3"]
[White "Puranik, Abhimanyu"]
[Black "Ramoutar, Alan-Safar"]
[Result "1/2-1/2"]
[WhiteElo "2589"]
[BlackElo "2344"]
[PlyCount "61"]
[EventDate "2021.??.??"]

1. c4 e6 2. Nf3 d5 3. e3 Nf6 4. b3 Be7 5. Bb2 O-O 6. Nc3 b6 7. cxd5 Nxd5 8. Qc2
Nxc3 9. Bxc3 Bb7 10. Bd3 h6 11. Bh7+ Kh8 12. Be4 Bxe4 13. Qxe4 Nd7 14. Qc6 Bf6
15. Bxf6 Qxf6 16. d4 Qe7 17. O-O Qd6 18. Rac1 Rac8 19. h3 a5 20. Rc2 Qxc6 21.
Rxc6 Nb8 22. Rc4 Nd7 23. Rfc1 c5 24. dxc5 Nxc5 25. Ne5 Rcd8 26. Rd4 Kg8 27.
Rcd1 Rxd4 28. Rxd4 Rc8 29. Nc4 a4 30. b4 Nb3 31. axb3 1/2-1/2

[Event "International Chess Tournament Paracin 2"]
[Site "Paracin, Serbia"]
[Date "2021.07.10"]
[Round "2.4"]
[White "Nandhidhaa, P V."]
[Black "Postny, Evgeny"]
[Result "0-1"]
[WhiteElo "2365"]
[BlackElo "2578"]
[PlyCount "82"]
[EventDate "2021.??.??"]

1. e4 c6 2. d4 d5 3. e5 Bf5 4. h4 Qc7 5. g4 Bd7 6. Be3 c5 7. c3 Nc6 8. h5 f6 9.
f4 Nh6 10. Be2 e6 11. Bf3 Qb6 12. Qd2 cxd4 13. cxd4 Na5 14. b3 Bb4 15. Nc3 Rc8
16. Rc1 Bb5 17. Nge2 O-O 18. O-O f5 19. g5 Ng4 20. Rfd1 Rc6 21. Bxg4 fxg4 22.
Qb2 Ba6 23. Na4 Rxc1 24. Nxc1 Qc6 25. Qg2 Nc4 26. Bf2 Nd2 27. Qxg4 Ne4 28. Be3
Rf5 29. Qg2 Qe8 30. Qg4 Bb5 31. Nd3 Ba3 32. Nab2 Nc3 33. Rc1 Bxb2 34. Nxb2 Ne2+
35. Kf2 Nxc1 36. Bxc1 Qc6 37. Qd1 Qc3 38. Qd2 Qh3 39. Qa5 Qh2+ 40. Kf3 Be2+ 41.
Ke3 Qxf4+ 0-1

[Event "International Chess Tournament Paracin 2"]
[Site "Paracin, Serbia"]
[Date "2021.07.10"]
[Round "2.6"]
[White "Gurel, Ediz"]
[Black "Suleymanli, Aydin"]
[Result "1-0"]
[WhiteElo "2346"]
[BlackElo "2563"]
[PlyCount "90"]
[EventDate "2021.??.??"]

1. e4 c6 2. d4 d5 3. Nd2 dxe4 4. Nxe4 Nf6 5. Nxf6+ exf6 6. c3 Bd6 7. Bd3 O-O 8.
Qc2 Re8+ 9. Ne2 h5 10. O-O h4 11. h3 Nd7 12. Bf4 Nf8 13. Bxd6 Qxd6 14. Rfe1 Be6
15. Rad1 a5 16. c4 Ng6 17. d5 cxd5 18. cxd5 Bd7 19. Bxg6 fxg6 20. Qxg6 Qb4 21.
Qb1 Re5 22. Nc3 Rae8 23. Rxe5 Rxe5 24. a3 Qc4 25. Re1 Bf5 26. Qd1 Rxe1+ 27.
Qxe1 Kf7 28. Qe3 Qb3 29. Qe2 Bd7 30. Qh5+ Kg8 31. Qe2 Kf7 32. Qd2 Qc4 33. Nd1
b5 34. Ne3 Qb3 35. Qd4 Ke7 36. Kh2 Qa4 37. b4 axb4 38. axb4 Qa2 39. Qxh4 Qb2
40. Qe4+ Kd6 41. Qf4+ Qe5 42. g3 g5 43. Qxe5+ Kxe5 44. h4 Be8 45. Ng4+ Kxd5 1-0

[Event "International Chess Tournament Paracin 2"]
[Site "Paracin, Serbia"]
[Date "2021.07.10"]
[Round "2.7"]
[White "Kamalidenova, Meruert"]
[Black "Iskandarov, Misratdin"]
[Result "1-0"]
[WhiteElo "2334"]
[BlackElo "2533"]
[PlyCount "143"]
[EventDate "2021.??.??"]

1. e4 c6 2. d4 d5 3. Nd2 g6 4. Ngf3 Bg7 5. c3 Nh6 6. Bd3 O-O 7. O-O a5 8. a4
Na6 9. exd5 cxd5 10. Nb1 f6 11. Qb3 Nf7 12. c4 Nb4 13. Be2 Bf5 14. Na3 e5 15.
dxe5 fxe5 16. cxd5 e4 17. Nd2 Ne5 18. Nac4 Ned3 19. Bxd3 exd3 20. Ne3 Rc8 21.
Ndc4 Be4 22. d6 Kh8 23. Bd2 Nc2 24. d7 Nxa1 25. Rxa1 Qxd7 26. Nb6 Qc7 27. Nxc8
Rxc8 28. f3 Bc6 29. Qxd3 Rd8 30. Qc2 Qb6 31. Rd1 h5 32. Kh1 Kh7 33. b3 Re8 34.
Qd3 Qc5 35. Nc4 h4 36. h3 Qf2 37. Qf1 Qg3 38. Be1 Qf4 39. Qf2 g5 40. Bd2 Qf6
41. Bxa5 g4 42. hxg4 h3 43. Nd6 hxg2+ 44. Kxg2 Qxf3+ 45. Qxf3 Re2+ 46. Kf1 Bxf3
47. Rd3 Bxg4 48. Rg3 Re6 49. Rxg4 Rxd6 50. Ke2 Rd7 51. Rg5 Bf6 52. Rg4 Bg7 53.
Ke3 Rd1 54. Rc4 Rd5 55. Bc3 Rd7 56. Bxg7 Kxg7 57. Rf4 Rd6 58. Ke4 Rb6 59. Rf3
Rd6 60. Ke5 Rd1 61. Ke6 Kg6 62. Rf6+ Kg5 63. Rf5+ Kg4 64. Rb5 Kf4 65. Rxb7 Ke4
66. a5 Rh1 67. Kd6 Kd4 68. Kc6 Kc3 69. Rb5 Rh6+ 70. Kb7 Rh7+ 71. Kb6 Rh6+ 72.
Ka7 1-0

[Event "International Chess Tournament Paracin 2"]
[Site "Paracin, Serbia"]
[Date "2021.07.10"]
[Round "2.8"]
[White "Annaberdiev, Meilis"]
[Black "Nogerbek, Kazybek"]
[Result "1-0"]
[WhiteElo "2532"]
[BlackElo "2328"]
[PlyCount "97"]
[EventDate "2021.??.??"]

1. Nf3 c5 2. c4 Nf6 3. Nc3 e6 4. e3 d5 5. d4 Nc6 6. cxd5 Nxd5 7. Bd3 Be7 8. a3
O-O 9. Qc2 h6 10. Nxd5 exd5 11. dxc5 Qa5+ 12. Bd2 Qxc5 13. Qxc5 Bxc5 14. Rc1
Bb6 15. Bc3 Bg4 16. Nd4 Nxd4 17. Bxd4 Bxd4 18. exd4 Rac8 19. Kd2 Rxc1 20. Rxc1
Rc8 21. Rc5 Be6 22. Kc3 Kf8 23. Rxc8+ Bxc8 24. Kb4 b6 25. Kb5 Bb7 26. a4 Ke7
27. a5 bxa5 28. Kc5 g5 29. Bb5 g4 30. Bc6 Bxc6 31. Kxc6 Ke6 32. b3 h5 33. g3 f5
34. Kc5 f4 35. Kc6 Kf5 36. Kxd5 f3 37. Kc4 Ke4 38. d5 Ke5 39. Kc5 Ke4 40. d6
Kd3 41. d7 Ke2 42. d8=Q Kxf2 43. Qxa5 Kg2 44. Qxa7 Kxh2 45. Qf7 Kg2 46. Qxh5 f2
47. Qf5 f1=Q 48. Qxf1+ Kxf1 49. b4 1-0

[Event "International Chess Tournament Paracin 2"]
[Site "Paracin, Serbia"]
[Date "2021.07.10"]
[Round "2.9"]
[White "Stankovic, Milos M"]
[Black "Budisavljevic, Luka"]
[Result "0-1"]
[WhiteElo "2327"]
[BlackElo "2509"]
[PlyCount "76"]
[EventDate "2021.??.??"]

1. g3 c5 2. Bg2 Nc6 3. d3 g6 4. f4 Bg7 5. Nf3 e6 6. O-O Nge7 7. c3 O-O 8. e4 b6
9. Na3 Bb7 10. Be3 d6 11. d4 cxd4 12. cxd4 Qd7 13. Qd2 Nd8 14. e5 f6 15. exf6
Bxf6 16. Rac1 Nf7 17. Nc4 Rac8 18. Rfe1 Rc7 19. Na3 Rfc8 20. Rxc7 Rxc7 21. Rd1
Bd5 22. b3 Nh6 23. Ne1 Ng4 24. h3 Nxe3 25. Qxe3 Nf5 26. Qf2 Rc1 27. Qd2 Bxd4+
28. Kh2 Rxd1 29. Qxd1 Bf2 30. g4 Bg3+ 31. Kg1 Ne3 32. Qd4 Bxe1 33. Qxe3 Bb4 34.
Qc1 Bc5+ 35. Kh2 Bxg2 36. Kxg2 Qc6+ 37. Kh2 Qf3 38. Nc2 Bf2 0-1

[Event "International Chess Tournament Paracin 2"]
[Site "Paracin, Serbia"]
[Date "2021.07.10"]
[Round "2.10"]
[White "Sturt, Raven"]
[Black "Yordanov, Lachezar"]
[Result "1-0"]
[WhiteElo "2500"]
[BlackElo "2325"]
[PlyCount "99"]
[EventDate "2021.??.??"]

1. d4 Nf6 2. c4 e6 3. Nf3 b6 4. g3 Ba6 5. b3 Bb4+ 6. Bd2 Be7 7. Nc3 d5 8. cxd5
exd5 9. Bg2 O-O 10. O-O c5 11. dxc5 bxc5 12. Ne5 Bb7 13. Bf4 Nbd7 14. Nxd5 Nxd5
15. Bxd5 Bxd5 16. Qxd5 Nxe5 17. Qxd8 Bxd8 18. Bxe5 Re8 19. Bf4 Rxe2 20. Rfe1
Rxe1+ 21. Rxe1 Bb6 22. Kf1 Rc8 23. Rc1 Kf8 24. Ke2 Ke7 25. Kd3 Kd7 26. Kc4 Kc6
27. Re1 Rd8 28. Re4 Rd1 29. Be3 Kd6 30. a4 Ra1 31. Bf4+ Kd7 32. Bg5 Kc6 33. Re8
Ra2 34. Be3 Kd6 35. Rh8 h6 36. Rh7 Rc2+ 37. Kd3 Rb2 38. Kc3 Ra2 39. Rxg7 f5 40.
g4 fxg4 41. Rxg4 Ba5+ 42. Kc4 Rc2+ 43. Kb5 Be1 44. Rc4 Rb2 45. Bxc5+ Kd7 46. b4
Bxf2 47. Bxf2 Rxf2 48. Ka6 Rxh2 49. Kxa7 h5 50. b5 1-0

[Event "International Chess Tournament Paracin 2"]
[Site "Paracin, Serbia"]
[Date "2021.07.10"]
[Round "2.11"]
[White "Ohanyan, Emin"]
[Black "Sadikhov, Ulvi"]
[Result "1/2-1/2"]
[WhiteElo "2324"]
[BlackElo "2490"]
[PlyCount "70"]
[EventDate "2021.??.??"]

1. e4 d6 2. d4 Nf6 3. Nc3 e5 4. Nf3 Nbd7 5. Bc4 Be7 6. O-O O-O 7. Re1 c6 8. a4
a5 9. h3 Nb6 10. Bb3 Nfd7 11. Be3 exd4 12. Bxd4 Nc5 13. Bxc5 dxc5 14. Qe2 Qd6
15. Rad1 Qf4 16. Qd2 Qxd2 17. Nxd2 Be6 18. Bxe6 fxe6 19. b3 Rad8 20. Nf3 c4 21.
Rxd8 Rxd8 22. Rb1 cxb3 23. cxb3 Nd7 24. Rd1 Nc5 25. Rxd8+ Bxd8 26. Nd2 Bg5 27.
Ncb1 b5 28. Nf3 Bd8 29. Nd4 bxa4 30. bxa4 Nxa4 31. Nxc6 Bb6 32. Kf1 Nb2 33. Ke2
a4 34. f4 Nc4 35. Kd3 a3 1/2-1/2

[Event "International Chess Tournament Paracin 2"]
[Site "Paracin, Serbia"]
[Date "2021.07.10"]
[Round "2.12"]
[White "Raja, Harshit"]
[Black "Barseghyan, Armen Ar"]
[Result "1-0"]
[WhiteElo "2484"]
[BlackElo "2316"]
[PlyCount "109"]
[EventDate "2021.??.??"]

1. e4 c5 2. Nf3 Nc6 3. d4 cxd4 4. Nxd4 g6 5. c4 Nf6 6. Nc3 d6 7. Be2 Nxd4 8.
Qxd4 Bg7 9. Be3 O-O 10. Qd3 a5 11. O-O Bd7 12. Bd4 Bc6 13. Kh1 Nd7 14. Bxg7
Kxg7 15. Nd5 a4 16. f4 Bxd5 17. exd5 Qb6 18. Qc3+ Nf6 19. Rae1 Qa5 20. Qd3 Qb6
21. g4 h6 22. g5 hxg5 23. fxg5 Nd7 24. Qh3 Rad8 25. Bd3 Kg8 26. Bxg6 fxg6 27.
Rxe7 Rxf1+ 28. Qxf1 Rf8 29. Qh3 Rf7 30. Rxf7 Kxf7 31. Qxd7+ Kf8 32. Qe6 Qxb2
33. Qxd6+ Kg7 34. Qf6+ Qxf6 35. gxf6+ Kxf6 36. a3 Ke5 37. Kg2 b5 38. cxb5 Kxd5
39. Kf3 Kc5 40. Ke4 Kxb5 41. Kd5 g5 42. h3 Kb6 43. Kc4 Kc6 44. Kb4 Kd5 45. Kxa4
Kc4 46. Ka5 Kc5 47. a4 Kc6 48. Kb4 Kb6 49. Kc4 Ka5 50. Kd5 Kxa4 51. Ke5 Kb5 52.
Kf5 Kc6 53. Kxg5 Kd7 54. Kf6 Ke8 55. Kg7 1-0

[Event "International Chess Tournament Paracin 2"]
[Site "Paracin, Serbia"]
[Date "2021.07.10"]
[Round "2.13"]
[White "Sylvan, Jacob"]
[Black "Aitbayev, Aslan"]
[Result "1/2-1/2"]
[WhiteElo "2322"]
[BlackElo "2475"]
[PlyCount "143"]
[EventDate "2021.??.??"]

1. e4 e6 2. d4 d5 3. Nc3 Bb4 4. e5 c5 5. a3 Bxc3+ 6. bxc3 Ne7 7. Qg4 Qc7 8. Bd3
c4 9. Be2 Qa5 10. Bd2 Nf5 11. Bd1 Nc6 12. Ne2 Bd7 13. Ng3 Rg8 14. Nh5 O-O-O 15.
Qh3 Rdf8 16. Bg4 Kb8 17. Kd1 Ka8 18. Re1 Nfe7 19. Qe3 f6 20. exf6 gxf6 21. Qh3
f5 22. Be2 e5 23. dxe5 Nxe5 24. Nf4 N7g6 25. Nxg6 hxg6 26. Bf4 Ng4 27. Bxg4
fxg4 28. Qg3 Bf5 29. Be5 Re8 30. Re3 Qa4 31. Ra2 Re6 32. Bd4 Rxe3 33. Bxe3 Re8
34. Qd6 Be4 35. g3 Qa5 36. Qb4 Qa6 37. a4 Rc8 38. a5 Qc6 39. Qb6 Qxb6 40. axb6
a6 41. Ra5 Rc6 42. Rc5 Rxc5 43. Bxc5 Kb8 44. Bd4 Kc8 45. Kc1 Kd7 46. Kb2 Kc6
47. Be3 Bf5 48. Bd4 Kd6 49. Kc1 Bd7 50. Kb2 Ba4 51. Kc1 Ke6 52. Kd2 Kf5 53. Kc1
Ke4 54. Kd2 Kf3 55. Be3 Kg2 56. Bd4 Kxh2 57. Be3 Kg2 58. Bd4 Kf3 59. Be3 Bd7
60. Bd4 Bf5 61. Be3 a5 62. Bd4 Be4 63. Be3 Kg2 64. Bd4 Kf1 65. Be3 a4 66. Bc5
Bf3 67. Kc1 Ke2 68. Bd4 Be4 69. Bc5 Bf5 70. Bd4 g5 71. Bc5 Bg6 72. Bd4 1/2-1/2

[Event "International Chess Tournament Paracin 2"]
[Site "Paracin, Serbia"]
[Date "2021.07.10"]
[Round "2.14"]
[White "Prithu, Gupta"]
[Black "Czerw, Dawid"]
[Result "1/2-1/2"]
[WhiteElo "2472"]
[BlackElo "2306"]
[PlyCount "85"]
[EventDate "2021.??.??"]

1. c4 c5 2. Nc3 Nc6 3. g3 g6 4. Bg2 Bg7 5. e4 a6 6. a4 e6 7. Nge2 Nge7 8. O-O
O-O 9. d3 d6 10. Rb1 a5 11. Nb5 b6 12. d4 cxd4 13. Nexd4 Nxd4 14. Nxd4 Ba6 15.
Nb5 Bxb5 16. cxb5 d5 17. Bg5 h6 18. Bxe7 Qxe7 19. exd5 exd5 20. Re1 Qb4 21.
Bxd5 Rad8 22. Qf3 Rd6 23. b3 Bd4 24. Re2 Qc5 25. Bc4 Rf6 26. Qe4 Bxf2+ 27. Kg2
Bd4 28. Rd1 Bc3 29. Re3 Bb2 30. Rd5 Qc7 31. Qd3 Kg7 32. Rd7 Qc5 33. Rf3 Rxf3
34. Qxf3 Qf5 35. Qxf5 gxf5 36. Rb7 Bd4 37. Kf3 Kf6 38. Kf4 Bc5 39. Bd5 Bd6+ 40.
Ke3 Bc5+ 41. Kd3 Rd8 42. Kc4 Ke5 43. Bc6 1/2-1/2

[Event "International Chess Tournament Paracin 2"]
[Site "Paracin, Serbia"]
[Date "2021.07.10"]
[Round "2.15"]
[White "Pasti, Aron"]
[Black "Nikitenko, Mihail"]
[Result "0-1"]
[WhiteElo "2318"]
[BlackElo "2472"]
[PlyCount "66"]
[EventDate "2021.??.??"]

1. e4 d6 2. d4 Nf6 3. Nc3 e5 4. Nf3 Nbd7 5. Bc4 Be7 6. O-O O-O 7. h3 c6 8. a4
Qc7 9. a5 Rb8 10. Be3 b5 11. axb6 axb6 12. Bd3 b5 13. Ne2 c5 14. dxe5 dxe5 15.
c3 c4 16. Bc2 Nc5 17. Nxe5 Rd8 18. Qb1 Bb7 19. Nf3 Ncxe4 20. Nfd4 Nd6 21. f3 h6
22. Bf2 Nd5 23. Ng3 b4 24. cxb4 Nxb4 25. Ngf5 Nxf5 26. Nxf5 Bf6 27. Be4 Nd3 28.
Bxd3 Rxd3 29. Rc1 Rbd8 30. Ne3 Bxf3 31. Nxc4 Rd1+ 32. Be1 Qg3 33. Qc2 Qxe1+ 0-1

[Event "International Chess Tournament Paracin 2"]
[Site "Paracin, Serbia"]
[Date "2021.07.10"]
[Round "2.16"]
[White "Gavrilescu, David"]
[Black "Heinemann, Josefine"]
[Result "1-0"]
[WhiteElo "2470"]
[BlackElo "2285"]
[PlyCount "90"]
[EventDate "2021.??.??"]

1. e4 c5 2. Nf3 d6 3. d4 cxd4 4. Nxd4 Nf6 5. Nc3 a6 6. Bd3 e5 7. Nde2 Be7 8.
O-O O-O 9. Ng3 Be6 10. Nd5 Bxd5 11. exd5 g6 12. Bh6 Re8 13. c4 Nbd7 14. Re1 a5
15. b3 Qc7 16. Rc1 b6 17. h3 Bf8 18. Bg5 h6 19. Be3 h5 20. Ne2 Kh7 21. Qd2 Ng8
22. Nc3 Bh6 23. Nb5 Qb8 24. g4 Bxe3 25. Rxe3 hxg4 26. hxg4 Kg7 27. Rh3 Ndf6 28.
Be2 Qd8 29. Kg2 Ne4 30. Qe3 Ng5 31. Nxd6 Qxd6 32. Qxg5 e4 33. Rch1 a4 34. Rh8
axb3 35. R1h7+ Kf8 36. Qh6+ Ke7 37. Rxf7+ Kxf7 38. Qh7+ Kf6 39. g5+ Kxg5 40.
Qh4+ Kf5 41. Bg4+ Ke5 42. Qg3+ Kd4 43. Qxd6 bxa2 44. Qxb6+ Kxc4 45. Rh1 Kxd5
1-0

[Event "International Chess Tournament Paracin 2"]
[Site "Paracin, Serbia"]
[Date "2021.07.10"]
[Round "2.17"]
[White "Martic, Ivan"]
[Black "Gharibyan, Mamikon"]
[Result "0-1"]
[WhiteElo "2314"]
[BlackElo "2464"]
[PlyCount "62"]
[EventDate "2021.??.??"]

1. d4 Nf6 2. c4 e6 3. g3 d5 4. Nf3 Bb4+ 5. Bd2 Be7 6. Bg2 O-O 7. O-O c6 8. Qc2
Nbd7 9. Rd1 b6 10. Ne5 Nxe5 11. dxe5 Ng4 12. cxd5 cxd5 13. Bc3 Bc5 14. e3 Qg5
15. h4 Qh6 16. Qe2 Qg6 17. b4 Be7 18. Nd2 h5 19. Nf3 Bd7 20. a4 Rac8 21. Qb2
Rc7 22. Bf1 f6 23. Rd2 Qf5 24. Nd4 Qh7 25. Nf3 Be8 26. exf6 gxf6 27. b5 e5 28.
Bb4 Bg6 29. Bxe7 Qxe7 30. Rxd5 Be4 31. Qa2 Qf7 0-1

[Event "International Chess Tournament Paracin 2"]
[Site "Paracin, Serbia"]
[Date "2021.07.10"]
[Round "2.18"]
[White "Bryakin, Mikhail"]
[Black "Peycheva, Gergana"]
[Result "1-0"]
[WhiteElo "2463"]
[BlackElo "2280"]
[PlyCount "115"]
[EventDate "2021.??.??"]

1. d4 d5 2. Bf4 Nf6 3. e3 e6 4. c3 Bd6 5. Bg3 c5 6. Nd2 O-O 7. Ngf3 Qc7 8. Bd3
Nbd7 9. Bxd6 Qxd6 10. O-O e5 11. dxe5 Nxe5 12. Nxe5 Qxe5 13. Qf3 b6 14. Qg3 Qe7
15. Rfe1 Bb7 16. Qh4 Rfe8 17. Bb5 Red8 18. Rad1 Qe6 19. a3 h6 20. Nf1 Ne4 21.
Ng3 Nxg3 22. hxg3 Rd6 23. Be2 Rad8 24. Bf3 Qe5 25. Rd2 a5 26. Qf4 Qxf4 27. gxf4
b5 28. b4 Kf8 29. bxc5 R6d7 30. Rb1 Bc6 31. Be2 Rb8 32. a4 Rdb7 33. axb5 Bxb5
34. Bf3 Bc4 35. Rxb7 Rxb7 36. Bxd5 Bxd5 37. Rxd5 Ra7 38. c6 a4 39. Rc5 Rc7 40.
Rc4 a3 41. Ra4 Rxc6 42. Rxa3 g6 43. Kf1 Ke7 44. Ke2 Rb6 45. Ra2 Kd6 46. Kd3 Kc5
47. Ra5+ Kd6 48. Ra7 Ke6 49. Kc2 Rc6 50. g4 Kf6 51. g5+ hxg5 52. fxg5+ Ke6 53.
f4 Rc8 54. Ra6+ Kd5 55. Kd3 Rc7 56. e4+ Kc5 57. f5 Rd7+ 58. Ke3 1-0

[Event "International Chess Tournament Paracin 2"]
[Site "Paracin, Serbia"]
[Date "2021.07.10"]
[Round "2.19"]
[White "Maryasin, Boris"]
[Black "Muradli, Mahammad"]
[Result "0-1"]
[WhiteElo "2311"]
[BlackElo "2461"]
[PlyCount "76"]
[EventDate "2021.??.??"]

1. e4 d6 2. d4 Nf6 3. Nc3 g6 4. Be3 a6 5. Qd2 b5 6. Bd3 Bb7 7. f3 Nbd7 8. Nh3
Rc8 9. O-O e5 10. d5 c6 11. dxc6 Bxc6 12. a4 b4 13. Ne2 Qa5 14. Nc1 d5 15. Nb3
Qc7 16. Bxa6 Ra8 17. Bb5 dxe4 18. Ng5 Be7 19. Nxe4 O-O 20. Nxf6+ Nxf6 21. c4
Bxb5 22. cxb5 Qc4 23. Nc1 Nd5 24. b3 Qc3 25. Qxc3 bxc3 26. Bf2 c2 27. Nd3 Rfc8
28. b6 Rc3 29. Nc1 Rc6 30. a5 Nxb6 31. Bxb6 Rxb6 32. axb6 Bc5+ 33. Kh1 Rxa1 34.
b7 Ba7 35. g4 Kf8 36. Kg2 Ke7 37. Nd3 Rd1 38. Nc1 Kd7 0-1

[Event "International Chess Tournament Paracin 2"]
[Site "Paracin, Serbia"]
[Date "2021.07.10"]
[Round "2.20"]
[White "Dudin, Gleb"]
[Black "Sahin, Ozgun"]
[Result "1/2-1/2"]
[WhiteElo "2439"]
[BlackElo "2269"]
[PlyCount "80"]
[EventDate "2021.??.??"]

1. d4 f5 2. Bg5 g6 3. Nc3 d5 4. e3 Bg7 5. h4 h6 6. Bf4 c6 7. Nf3 Nd7 8. Bd3
Ngf6 9. Ne5 Nxe5 10. Bxe5 O-O 11. Ne2 Ng4 12. Bxg7 Kxg7 13. Qd2 Qd6 14. f3 Nf6
15. O-O-O c5 16. dxc5 Qxc5 17. f4 Ng4 18. Nd4 h5 19. Kb1 e5 20. fxe5 Re8 21.
Nf3 Nxe5 22. Nxe5 Rxe5 23. Rhe1 Be6 24. Be2 Bf7 25. Qd4 Qe7 26. Bf3 b6 27. Rd3
Re8 28. a4 Qf6 29. g3 Rc8 30. b3 Rc7 31. Qf4 Rce7 32. Red1 Bg8 33. Re1 Bf7 34.
Qb4 Bg8 35. Qc3 Qd6 36. Red1 Kh7 37. Qd2 Qc5 38. Re1 Bf7 39. Bg2 Bg8 40. Qf2 d4
1/2-1/2

[Event "International Tournament "]
[Site "Pool "]
[Date "2021.07.10"]
[Round "2.21"]
[White "Krasteva, Beloslava"]
[Black "Aditya, Mittal"]
[Result "1/2-1/2"]
[WhiteElo "2305"]
[BlackElo "2438"]
[PlyCount "81"]
[EventDate "2021.07.09"]

1. d4 Nf6 2. c4 e6 3. Nc3 Bb4 4. e3 O-O 5. Bd3 d5 6. a3 Bxc3+ 7. bxc3 dxc4 8.
Bxc4 c5 9. Nf3 Qc7 10. Be2 b6 11. Bb2 Bb7 12. O-O Nbd7 13. Re1 e5 14. Rc1 Rad8
15. Nd2 Rfe8 16. Bf1 Nf8 17. Bb5 Re7 18. e4 exd4 19. cxd4 Nxe4 20. Nxe4 Rxe4
21. Rxe4 Bxe4 22. Qg4 Bg6 23. dxc5 bxc5 24. a4 Qd6 25. h4 h5 26. Qc4 Ne6 27.
Ba3 Qe5 28. Qe2 Qf4 29. g3 Qf5 30. Qe3 Nd4 31. Bf1 Qe4 32. Qxe4 Bxe4 33. f4 Nf5
34. Rc3 Rd4 35. a5 Rd2 36. Bxc5 a6 37. Bf2 Ra2 38. Rc4 Bf3 39. Rc3 Be4 40. Rc4
Bf3 41. Rc3 1/2-1/2

[Event "International Tournament "]
[Site "Pool "]
[Date "2021.07.10"]
[Round "2.22"]
[White "Sredojevic, Ivan"]
[Black "Ahmadzada, Ahmad"]
[Result "0-1"]
[WhiteElo "2284"]
[BlackElo "2431"]
[PlyCount "54"]
[EventDate "2021.07.09"]

1. e4 c5 2. c3 g6 3. Nf3 Bg7 4. d3 Nc6 5. Nbd2 e5 6. g3 Nge7 7. Bg2 d6 8. O-O
O-O 9. Nh4 Kh8 10. f4 exf4 11. gxf4 f5 12. Qe1 d5 13. Qg3 d4 14. c4 Nb4 15. Rf2
Nc2 16. Rb1 Ne3 17. Bh1 Ng4 18. Re2 g5 19. Nxf5 Nxf5 20. exf5 Ne3 21. Be4 gxf4
22. Qxf4 Bxf5 23. Nf3 Bxe4 24. Qxe4 Qg5+ 25. Kh1 Qh5 26. Bxe3 Rae8 27. Qxb7
Qxf3+ 0-1

[Event "International Tournament "]
[Site "Pool "]
[Date "2021.07.10"]
[Round "2.23"]
[White "Sankalp, Gupta"]
[Black "Jocev, Milan"]
[Result "1-0"]
[WhiteElo "2429"]
[BlackElo "2260"]
[PlyCount "133"]
[EventDate "2021.07.09"]

1. e4 c6 2. d4 d5 3. e5 Bf5 4. Nf3 e6 5. Be2 Nd7 6. O-O Ne7 7. Nbd2 Nc8 8. a4
Be7 9. a5 a6 10. c3 Na7 11. b4 Nb5 12. Bb2 O-O 13. Ne1 f6 14. f4 fxe5 15. fxe5
Qe8 16. Bh5 Bg6 17. Bg4 Rxf1+ 18. Nxf1 Qf7 19. Qf3 Qxf3 20. Nxf3 Nc7 21. Ng3
Rf8 22. Bc1 h6 23. h4 Rf7 24. h5 Bd3 25. Bd2 Nf8 26. Kf2 Nh7 27. Ke3 Bb5 28.
Rh1 Ng5 29. Be1 Nxf3 30. gxf3 Bg5+ 31. Kf2 Kf8 32. Nf1 Bxf1 33. Rxf1 Ke7 34.
Ke2 Nb5 35. Kd3 Rf8 36. Bg3 Bf4 37. Bxf4 Rxf4 38. Rg1 Rf7 39. Rg3 Kd7 40. Bh3
Ke7 41. Kd2 Nc7 42. Ke3 Nb5 43. Rg6 Nc7 44. f4 Kd7 45. Rg3 Ke7 46. Rf3 Nb5 47.
Kd3 Nc7 48. Rf1 Nb5 49. f5 Nc7 50. fxe6 Rxf1 51. Bxf1 Nxe6 52. Ke3 Ng5 53. Bd3
Ke6 54. Kf4 Ke7 55. Bf5 Kd8 56. Bg4 Nh7 57. Bf5 Ng5 58. Bg4 Nh7 59. Bh3 Ng5 60.
Bf5 Nf7 61. Be6 Ng5 62. Kf5 Ne4 63. Kg6 Nxc3 64. Kxg7 Ne2 65. Bg4 Nxd4 66. Kxh6
c5 67. Kg7 1-0

[Event "International Tournament "]
[Site "Pool "]
[Date "2021.07.10"]
[Round "2.24"]
[White "Granovskiy, Alexandr"]
[Black "Zarubitski, Viachaslau"]
[Result "1/2-1/2"]
[WhiteElo "2255"]
[BlackElo "2426"]
[Annotator "Balkanchess"]
[PlyCount "30"]
[EventDate "2021.07.09"]

1. d4 d5 2. Nf3 Nf6 3. c4 c6 4. Qc2 e6 5. g3 Bb4+ 6. Nbd2 O-O 7. Bg2 Nbd7 8.
O-O b6 9. e4 dxe4 10. Nxe4 Bb7 11. Nxf6+ Nxf6 12. c5 bxc5 13. a3 Ba5 14. dxc5
Nd5 15. Ng5 g6 {...32} 1/2-1/2

[Event "International Tournament "]
[Site "Pool "]
[Date "2021.07.10"]
[Round "2.25"]
[White "Savic, Miodrag R"]
[Black "Kecskemeti, Arpad"]
[Result "1-0"]
[WhiteElo "2421"]
[BlackElo "2245"]
[PlyCount "67"]
[EventDate "2021.07.09"]

1. e4 c5 2. c3 Nf6 3. e5 Nd5 4. Nf3 Nc6 5. Na3 a6 6. Nc4 b5 7. Ne3 e6 8. d4
cxd4 9. Nxd5 exd5 10. cxd4 d6 11. Be2 dxe5 12. dxe5 Bb4+ 13. Bd2 Bxd2+ 14. Qxd2
Be6 15. Rc1 Qb6 16. O-O O-O 17. h3 Rac8 18. Bd3 Ne7 19. Rxc8 Rxc8 20. Rc1 Rxc1+
21. Qxc1 Nc6 22. a3 a5 23. Qc2 h6 24. Bh7+ Kh8 25. Bf5 Ne7 26. Bd3 b4 27. Qa4
bxa3 28. bxa3 Qc5 29. Nd4 g6 30. Nxe6 fxe6 31. Qf4 Ng8 32. a4 Kg7 33. Qg4 Ne7
34. Qxe6 1-0

[Event "International Tournament "]
[Site "Pool "]
[Date "2021.07.10"]
[Round "2.26"]
[White "Ivanovic, Marko"]
[Black "Stankovic, Milos"]
[Result "1/2-1/2"]
[WhiteElo "2245"]
[BlackElo "2421"]
[PlyCount "51"]
[EventDate "2021.07.09"]

1. e4 c6 2. d4 d5 3. Nc3 dxe4 4. Nxe4 Nf6 5. Nxf6+ exf6 6. c3 Bd6 7. Bd3 O-O 8.
Qc2 Re8+ 9. Ne2 h5 10. Be3 Nd7 11. O-O-O Nf8 12. c4 Be6 13. Kb1 Rc8 14. a3 Ng6
15. Rhe1 Nh4 16. Rg1 Qd7 17. h3 b5 18. c5 Bh2 19. Rh1 Bb8 20. Nc3 Bf5 21. g3
Bxd3 22. Qxd3 Nf5 23. g4 Nxe3 24. fxe3 Qe7 25. e4 h4 26. Rhg1 1/2-1/2